| 000 | 00490nam a22001937a 4500 | ||
|---|---|---|---|
| 003 | MPLRDC | ||
| 005 | 20220104195027.0 | ||
| 008 | 210129b ||||| |||| 00| 0 eng d | ||
| 020 | _a978-967-0630-95-3 | ||
| 082 | _a738.6262 BL | ||
| 100 | _a波澜 | ||
| 245 |
_a葵山英姿 _c |
||
| 250 | _a初版 | ||
| 260 |
_a马来西亚 _b策略资讯研究中心 _c2015 |
||
| 300 | _b平 | ||
| 490 | _a松柏文丛: 第一辑 | ||
| 650 | _a东南亚--马来西亚 | ||
| 942 |
_cBK _o738.6262 BL |
||
| 999 |
_c65975 _d65965 |
||